000 00653nam a2200193Ii 4500
003 JO-AjNU
008 230605s9999||||xx |||||||||||||| ||und||
040 _aJO-AjNU
_bara
_erda
_cJO-AjNU
041 _aara
050 1 4 _aGV940.M8442 1972
100 3 _aمختار، حنفي محمود,
_eauthor
_936157
245 0 0 _aكرة القدم للناشيئين
264 3 1 _aحلوان: دار الفكر العربي، 1982
300 _a148ص
_bصور توضبحية
336 _atext
_btxt
_2rdacontent
337 _aunmediated
_bn
_2rdamedia
338 _avolume
_bnc
_2rdacarrier
650 4 _aكرة القم للناشيئين -الرياضة
_936158
999 _aA14996
_c18564
_d18564